000 00889cam a2200277 4500
008 090401t2000 xxu||||| |||| 00| 0 eng d
020 _a0853084858
035 _a(Sirsi) u99282
041 _aeng
050 _a346.4104344
100 _aTanney, Anthony
245 _aDistress for rent.
260 _aBristol
_bJordan
_c2000
300 _axxviii, 199p. ; 24cm.
350 _a40.00
520 _aAimed at property advisors, including lawyers and surveyors, this book is intended to provide professionals with all the information necessary to use and oppose distress effectively. Includes all relevant legislation along with a commentary.
650 _aDISTRESS
650 _aDISTRAIN
650 _aBAILIFFS
650 _aIMPOUNDING
650 _aInsolvency
_96247
690 _aLandlord and tenant
_96252
700 _aTravers, Iain
942 _n0
948 _c11/03/1998
999 _c99259
_d99259